000
00335 a2200157 4500
001
54885
020
_a
040
_c
Anchieta - Pituba
100
_a
SOUZA, Luiz Carlos Alves de
240
1
0
_a
1ª Quimica, I unidade
_l
por
245
1
0
_a
1ª Quimica, I unidade
300
_a
8
362
0
_a
2017
650
4
_a
Química
942
_c
BK
999
_c
54885
_d
54885